Дело об отпуске денег на перестройки в Пермском тюремном замке

Доступно только в Электронных читальных залах Найти на картеНа карте
RUSMARC
00004180nmc2a22000003x 450
0012f2309d2-50d3-483f-9bbf-a7dcaefeaf87
00520200305183151.0
100##$a20180907l18661866k l0rusy0189 ca
1010#$arus
102##$aRU
2001#$aДело об отпуске денег на перестройки в Пермском тюремном замке
$j26 мая - 18 июня 1866 г.
251##$cДело
300##$aДело
300##$aОриг. заголовок дела: Дело по отношению второго отделения Департамента полиции исполнительной об ассигновании суммы на перестройки в Пермском тюремном замке. 26 мая 1866 г. - 18 июня 1866 г
801#0$aRU
$bРГИА
$c20180907
$gRCR
801#1$aRU
$bГлавНИВЦ
$c20180907
$2rusmarc
801#2$aRU
$bПБ им. Б.Н. Ельцина
$c20200305
$gRCR
$2rusmarc
850##$aРГИА
852##$aРГИА
$eФедеральное казенное учреждение "Российский государственный исторический архив" (РГИА)
$j769
937##$hРГИА
$d12292725
$aASBIBLIO_SCAN
462#0$1001d8f9f7d4-b5a2-42ce-9901-502471366df6
$12001
$aДела Департамента полиции исполнительной МВД за 1866 год
$1251
$cОпись
$1852
$j27
$l1866 г.
461#0$10013e300ed0-cd39-49af-8489-5ba5b90fa401
$12001
$aДепартамент полиции исполнительной МВД
$1251
$cФонд
$1852
$j1286
215##$a7 л.
$d36,5х26 см
371##$aДокумент не является опубликованным и широко распространяемым
105##$ay###
1222#$ad
5171#$aДело по отношению второго отделения Департамента полиции исполнительной об ассигновании суммы на перестройки в Пермском тюремном замке. 26 мая 1866 г. - 18 июня 1866 г
035##$a2f2309d2-50d3-483f-9bbf-a7dcaefeaf87
856##$uhttp://readingroom.main.prlib.ru/item.aspx?id_node=n143079781&mode=full
Формат отображения